000
00349 a2200169 4500
001
44163
020
_a
8526215868
040
_c
Anchieta - Aquarius
100
_a
Azevedo, Ricardo
240
1
0
_a
Maria Gomes
_l
por
245
1
0
_a
Maria Gomes
300
_a
42
362
0
_a
1990
440
1
_a
Scipione
650
4
_a
Literatura juvenil
942
_c
BK
999
_c
44163
_d
44163